000 00756nam a22001577a 4500
003 OSt
005 20151203160601.0
008 151203b xxu||||| |||| 00| 0 eng d
040 _cRUA
082 _aFIS BUN 2007 B179 Or.1
100 _94237
_aBUN MENGSREA; ប៊ុន ម៉េងស្រ៊ា
245 _aFinancing of small and medium enterprise for aquaculture farm the case study in kandal province, ហិរញ្ញវត្ថុនៃកសិដ្ឋានវារីវប្បកម្មសហគ្រាសខ្នាតតូច និងមធ្យម ករណីសិក្សាក្នុង ខេត្តកណ្ដាល.
260 _aPhnom Penh
_bRUA
_c2007
300 _axii; 48p.
_bill.
_c29cm.
942 _2ddc
_cFIS
999 _c3953
_d3953